Travis Scott Discography - Statistiques

Statistiques générales
  • Ce quiz a été pris 2 291 fois
  • Le résultat moyen est 37 sur 66
Statistiques - réponses
Hint Réponse % Correct
Astroworld (2018) Sicko Mode
86%
Utopia (2023) Fe!n
79%
Utopia (2023) My eyes
79%
Birds in the trap sing Mcknight (2016) Goosebumps
78%
Astroworld (2018) Stargazing
76%
Rodeo (2015) 90210
75%
Astroworld (2018) Astrothunder
70%
Rodeo (2015) Pornography
69%
Rodeo (2015) Antidote
68%
Utopia (2023) Hyaena
68%
Rodeo (2015) Nightcrawler
68%
Utopia (2023) Telekinesis
68%
Utopia (2023) Thank God
67%
Rodeo (2015) 3500
66%
Astroworld (2018) Butterfly Effect
66%
Astroworld (2018) Skeletons
66%
Utopia (2023) Meltdown
65%
Utopia (2023) Til Further Notice
64%
Astroworld (2018) Carousel
63%
Rodeo (2015) Apple Pie
62%
Astroworld (2018) Coffee Bean
62%
Utopia (2023) I Know ?
62%
Utopia (2023) Modern Jam
62%
Rodeo (2015) Maria I'm Drunk
61%
Utopia (2023) Sirens
59%
Astroworld (2018) Can't Say
58%
Utopia (2023) Circus Maximus
58%
Utopia (2023) K-Pop
58%
Birds in the trap sing Mcknight (2016) Pick up the Phone
58%
Utopia (2023) Topia Twins
58%
Utopia (2023) God's Country
57%
Astroworld (2018) Stop Trying to be God
57%
Astroworld (2018) Yosemite
56%
Astroworld (2018) 5% Tint
55%
Astroworld (2018) Houstonfornication
55%
Utopia (2023) Looove
55%
Utopia (2023) Delresto
54%
Utopia (2023) Skitzo
53%
Astroworld (2018) Wake Up
53%
Astroworld (2018) NC-17
52%
Birds in the trap sing Mcknight (2016) Sdp Interlude
52%
Rodeo (2015) Impossible
51%
Astroworld (2018) No Bystanders
51%
Birds in the trap sing Mcknight (2016) The Ends
50%
Utopia (2023) Parasail
49%
Rodeo (2015) Oh My Dis Side
48%
Rodeo (2015) Piss on your Grave
48%
Astroworld (2018) RIP Screw
48%
Astroworld (2018) Who? What!
48%
Rodeo (2015) Pray 4 Love
47%
Birds in the trap sing Mcknight (2016) Way Back
46%
Utopia (2023) Lost Forever
45%
Birds in the trap sing Mcknight (2016) Beibs in the Trap
44%
Birds in the trap sing Mcknight (2016) Coordinate
43%
Birds in the trap sing Mcknight (2016) Sweet Sweet
41%
Rodeo (2015) I Can Tell
40%
Birds in the trap sing Mcknight (2016) Through The Late Night
40%
Birds in the trap sing Mcknight (2016) Wonderful
40%
Rodeo (2015) Ok Alright
39%
Rodeo (2015) Wasted
39%
Rodeo (2015) Never Catch Me
38%
Rodeo (2015) Flying High
36%
Birds in the trap sing Mcknight (2016) Lose
35%
Birds in the trap sing Mcknight (2016) Guidance
34%
Birds in the trap sing Mcknight (2016) Outside
33%
Birds in the trap sing Mcknight (2016) First Take
28%
Aucun quiz correspondant
Distribution des résultats
% des personnes avec chaque résultat
Percentile par nombre de réponses
Votre historique - résultats
Vous n’avez pas pris ce quiz